000 00586nam a22001697a 4500
003 OSt
005 20260319094738.0
008 260319b |||||||| |||| 00| 0 eng d
040 _cMRSPTU
041 _aEnglish
100 _aJashanpreet Kaur, Supervisor: Dr. Navjot Kanwar
245 _aFormulation, Optimization, and Evaluation of Oral Mucosal Film of Hydroxyzine Hydrochloride
260 _bDepartment of Pharmacy, MRSPTU, Bathinda
_c2025
650 _aPharmaceutical Sciences and Technology
856 _uhttp://163.47.215.52:8080/jspui/handle/123456789/955
942 _2ddc
_cTH
_n0
999 _c11189
_d11189